Statistics for Countries Containing Letter V That Do Not Begin With V

Click here to take the quiz!

General Stats

  • This quiz has been taken 62 times
    (9 since last reset)
  • The average score is 7 of 14

Answer Stats

Answer% Correct
Tuvalu
83%
Bosnia And Herzegovina
67%
El Salvador
67%
Slovakia
67%
Slovenia
67%
Bolivia
50%
Kosovo
50%
Cote D Ivoire
33%
Latvia
33%
Maldives
33%
Moldova
33%
St Kitts And Nevis
33%
St Vincent and The Grenadines
33%
Cabo Verde
17%

Score Distribution

Percentile by Number Answered

Percent of People with Each Score

Your Score History

You have not taken this quiz since the last reset